[Event "Niedersachsen-ch op-B"]
[Site "Verden an der Aller"]
[Date "2020.01.02"]
[Round "1"]
[White "Evering, Kira"]
[Black "Grabowski, Petra1111"]
[Result "0-1"]
[WhiteElo "1354"]
[BlackElo "1623"]
[PlyCount "78"]
[EventDate "2020.01.02"]
[EventType "swiss"]
[EventRounds "7"]
[EventCountry "GER"]
[SourceTitle "EXT 2023"]
[Source "ChessBase"]
[SourceDate "2022.10.05"]
[SourceVersion "1"]
[SourceVersionDate "2022.10.05"]
[SourceQuality "1"]

1. e4 e6 2. Nc3 d5 3. exd5 exd5 4. d4 Nf6 5. Bd3 Bd6 6. Bg5 c6 7. Qe2+ Be6 8. Nf3 0-0 9. Ne5 h6 10. Bh4 Qb6 11. Rb1 Qxd4 12. Bxf6 gxf6 13. Nf3 Qg4 14. g3 Re8 15. h3 Qg7 16. Kf1 Bxh3+ 17. Rxh3 Rxe2 18. Kxe2 Qg4 19. Rh4 Qe6+ 20. Kd2 Bf8 21. Re1 Qd7 22. Nd4 Bg7 23. Nf5 Na6 24. Nxh6+ Kf8 25. Nf5 Nc5 26. Nxg7 Nxd3 27. Kxd3 Kxg7 28. Reh1 Qf5+ 29. Kd2 Qxf2+ 30. Ne2 Re8 31. Rh7+ Kg6 32. R7h6+ Kg7 33. Rh7+ Kf8 34. Rh8+ Ke7 35. Rxe8+ Kxe8 36. Rh8+ Ke7 37. Rb8 Qb6 38. b3 f5 39. Rg8 Qa5+ 0-1

[Event "GER-chT Federal Cup (Women)"]
[Site "Braunfels"]
[Date "2019.06.21"]
[Round "3.48"]
[White "Evering, Kira"]
[Black "Hoelzer, Jeanette"]
[Result "0-1"]
[WhiteElo "1332"]
[BlackElo "1662"]
[PlyCount "40"]
[EventDate "2019.06.20"]
[EventType "team-swiss"]
[EventRounds "5"]
[EventCountry "GER"]
[SourceTitle "CBM 191 Extra"]
[Source "ChessBase"]
[SourceDate "2019.09.30"]
[SourceVersion "1"]
[SourceVersionDate "2019.09.30"]
[SourceQuality "1"]

1. e4 e5 2. Nf3 Nc6 3. d4 exd4 4. Nxd4 Bc5 5. Nb3 Bb6 6. Nc3 Nge7 7. Qe2 0-0 8. Be3 f5 9. 0-0-0 f4 10. Qc4+ Kh8 11. Bd4 Nxd4 12. Nxd4 Nf5 13. Ne6 d5 14. exd5 Bxe6 15. dxe6 Qe8 16. Nd5 Qxe6 17. Nxb6 Qxb6 18. Rd2 Rad8 19. Rxd8 Rxd8 20. f3 Qe3+ 0-1

[Event "Niedersachsen-ch op C"]
[Site "Verden"]
[Date "2019.01.05"]
[Round "5"]
[White "Evering, Kira"]
[Black "Schinner, Alexander"]
[Result "1/2-1/2"]
[WhiteElo "1385"]
[BlackElo "1117"]
[PlyCount "100"]
[EventDate "2019.01.03"]
[EventType "swiss"]
[EventRounds "7"]
[EventCountry "GER"]
[SourceTitle "EXT 2022"]
[Source "ChessBase"]
[SourceDate "2021.10.06"]
[SourceVersion "1"]
[SourceVersionDate "2021.10.06"]
[SourceQuality "1"]

1. e4 c5 2. Nf3 Nc6 3. d4 cxd4 4. Nxd4 g6 5. Be3 Bg7 6. Nc3 Nf6 7. Bc4 e6 8. f3 0-0 9. Bb3 d5 10. Nde2 dxe4 11. fxe4 Ng4 12. Bc5 Qf6 13. Rf1 Rd8 14. Rxf6 Rxd1+ 15. Rxd1 Bxf6 16. h3 b6 17. Ba4 Bb7 18. Rd7 Nd8 19. Bxb6 Ne5 20. Rd6 axb6 21. Rxb6 Nc4 22. Rb4 Ba6 23. Bb5 Bxb5 24. Rxb5 Bxc3+ 25. Nxc3 Ne3 26. Kd2 Nxg2 27. a4 Nc6 28. b4 Rd8+ 29. Kc1 Nd4 30. Rb7 Rc8 31. Kb2 Ne3 32. a5 Nc4+ 33. Kb1 Nxa5 34. bxa5 Rxc3 35. a6 Ra3 36. a7 Nc6 37. Rb8+ Kg7 38. a8Q Rxa8 39. Rxa8 f5 40. exf5 gxf5 41. Kc1 Kf6 42. Kd2 f4 43. c3 Ne5 44. Ke2 h5 45. h4 Ng6 46. Kf3 Kf5 47. Kf2 Nxh4 48. Rh8 Kg5 49. Re8 Kf6 50. Rf8+ Kg5 1/2-1/2

[Event "Niedersachsen-ch op C"]
[Site "Verden"]
[Date "2019.01.03"]
[Round "2"]
[White "Evering, Kira"]
[Black "Mill, Bernd"]
[Result "1-0"]
[WhiteElo "1385"]
[BlackElo "932"]
[PlyCount "69"]
[EventDate "2019.01.03"]
[EventType "swiss"]
[EventRounds "7"]
[EventCountry "GER"]
[SourceTitle "EXT 2022"]
[Source "ChessBase"]
[SourceDate "2021.10.06"]
[SourceVersion "1"]
[SourceVersionDate "2021.10.06"]
[SourceQuality "1"]

1. e4 d6 2. d4 Nf6 3. Nc3 g6 4. Be3 Nbd7 5. Qd2 Ng4 6. f3 Nxe3 7. Qxe3 Bg7 8. 0-0-0 0-0 9. Kb1 c6 10. Bd3 e5 11. Nge2 b5 12. d5 b4 13. dxc6 Nb6 14. Nd5 Nxd5 15. exd5 a5 16. c3 Qc7 17. Qe4 Rb8 18. Kc2 Qb6 19. Qc4 Ra8 20. Qb5 Ra6 21. Qa4 Bf5 22. Bxf5 gxf5 23. a3 Rb8 24. cxb4 axb4 25. axb4 Qxb4 26. Qxb4 Rxb4 27. Ra1 Rxa1 28. Rxa1 Bf6 29. b3 Rb5 30. Nc3 Rc5 31. b4 Rc4 32. Kb3 Rd4 33. Ra8+ Kg7 34. c7 Kg6 35. c8Q 1-0

[Event "Harburg-chF 13th"]
[Site "Hamburg"]
[Date "2018.08.03"]
[Round "1"]
[White "Evering, Kira"]
[Black "Herzog, Mike"]
[Result "0-1"]
[WhiteElo "1349"]
[BlackElo "1436"]
[PlyCount "94"]
[EventDate "2018.08.03"]
[EventType "tourn"]
[EventRounds "5"]
[EventCountry "GER"]
[SourceTitle "EXT 2019"]
[Source "ChessBase"]
[SourceDate "2018.10.10"]
[SourceVersion "1"]
[SourceVersionDate "2018.10.10"]
[SourceQuality "1"]

1. e4 e5 2. Nf3 Nc6 3. d4 exd4 4. Nxd4 Qf6 5. Be3 Bb4+ 6. c3 Ba5 7. Nxc6 Qxc6 8. Qd4 f6 9. Bd3 Bb6 10. Qd5 Ne7 11. Qxc6 Nxc6 12. Bxb6 axb6 13. Nd2 d6 14. 0-0 Be6 15. Bc4 Bxc4 16. Nxc4 0-0 17. Rfe1 b5 18. Ne3 Ne5 19. a3 Nd3 20. Re2 b4 21. cxb4 Nxb4 22. Rd1 Nc6 23. Nd5 Rf7 24. f3 Rd7 25. Rc2 Kf7 26. Kf2 Rc8 27. Rd3 Ne7 28. Rdc3 Nxd5 29. exd5 Re7 30. f4 Ke8 31. Rb3 c5 32. Rb6 Rd7 33. Re2+ Kd8 34. Re6 Kc7 35. Rb5 Ra8 36. Ke3 Ra4 37. Re4 Rxe4+ 38. Kxe4 Re7+ 39. Kd3 Re1 40. b4 Rd1+ 41. Kc2 Rxd5 42. bxc5 Rxc5+ 43. Rxc5+ dxc5 44. Kc3 b5 45. Kd3 Kc6 46. g4 Kd5 47. Kc3 Ke4 0-1

[Event "Niedersachsen-ch op C"]
[Site "Verden"]
[Date "2018.01.06"]
[Round "5"]
[White "Kieselbach, Marvin"]
[Black "Evering, Kira"]
[Result "1-0"]
[WhiteElo "1425"]
[BlackElo "1304"]
[PlyCount "52"]
[EventDate "2018.01.04"]
[EventType "swiss"]
[EventRounds "7"]
[EventCountry "GER"]
[SourceTitle "EXT 2022"]
[Source "ChessBase"]
[SourceDate "2021.10.06"]
[SourceVersion "1"]
[SourceVersionDate "2021.10.06"]
[SourceQuality "1"]

1. d4 Nf6 2. Bg5 e6 3. Nf3 g6 4. Nc3 Be7 5. Bh6 d6 6. Bg7 Rg8 7. Bxf6 Bxf6 8. e3 Bd7 9. h4 Qe7 10. Qd2 Nc6 11. d5 Ne5 12. Nd4 Bxh4 13. Ncb5 Kd8 14. g3 Bf6 15. Rxh7 exd5 16. Nc3 c5 17. Nxd5 Qf8 18. Qa5+ b6 19. Nxb6 Ke7 20. Nd5+ Ke8 21. Nxf6+ Ke7 22. Nxg8+ Qxg8 23. Bg2 Qxh7 24. Bxa8 cxd4 25. exd4 Bc6 26. Qc7+ Bd7 1-0

[Event "Niedersachsen-ch op-D"]
[Site "Verden"]
[Date "2017.01.06"]
[Round "4"]
[White "Schulze, Lukas"]
[Black "Evering, Kira"]
[Result "1-0"]
[WhiteElo "1367"]
[BlackElo "1132"]
[PlyCount "49"]
[EventDate "2017.01.05"]
[EventType "swiss"]
[EventRounds "7"]
[EventCountry "GER"]
[SourceTitle "CBM 187 Extra"]
[Source "ChessBase"]
[SourceDate "2018.11.04"]
[SourceVersion "1"]
[SourceVersionDate "2018.11.04"]
[SourceQuality "1"]

1. Nf3 d5 2. c4 e6 3. g3 Nf6 4. Bg2 dxc4 5. Qa4+ Nbd7 6. Qxc4 a6 7. 0-0 b5 8. Qc2 Rb8 9. d4 Bb7 10. Bf4 Bd6 11. Bxd6 cxd6 12. Nc3 0-0 13. e4 Qc7 14. Qe2 Rfe8 15. Rac1 Qb6 16. e5 dxe5 17. dxe5 Nd5 18. Rfd1 Nxc3 19. Rxc3 Red8 20. Rd6 Qa5 21. Qc2 Rbc8 22. b4 Rxc3 23. Qxc3 Qxa2 24. Rd1 g6 25. Qc7 1-0

[Event "Niedersachsen-ch op-C"]
[Site "Verden"]
[Date "2016.01.06"]
[Round "7"]
[White "Blanke, Jonas"]
[Black "Evering, Kira"]
[Result "0-1"]
[WhiteElo "1188"]
[BlackElo "881"]
[PlyCount "66"]
[EventDate "2016.01.03"]
[EventType "swiss"]
[EventRounds "7"]
[EventCountry "GER"]
[SourceTitle "EXT 2018"]
[Source "ChessBase"]
[SourceDate "2017.10.13"]
[SourceVersion "1"]
[SourceVersionDate "2017.10.13"]
[SourceQuality "1"]

1. e4 e6 2. d4 d5 3. e5 c5 4. c3 Qb6 5. Nf3 Bd7 6. a3 Bb5 7. Bxb5+ Qxb5 8. b4 c4 9. Ng5 Be7 10. 0-0 Bxg5 11. Bxg5 h6 12. Bh4 Nc6 13. f4 g6 14. Qg4 Nge7 15. Bf6 Rh7 16. a4 Qb6 17. Na3 0-0-0 18. Qh4 Nf5 19. Qh3 Re8 20. Nb5 a5 21. g4 Kb8 22. gxf5 gxf5 23. Nd6 Rg8+ 24. Kh1 axb4 25. cxb4 Nxd4 26. Qe3 Kc7 27. a5 Qa7 28. b5 Qc5 29. Rac1 b6 30. axb6+ Qxb6 31. Nxc4 dxc4 32. Rxc4+ Kb8 33. Qxd4 Qb7+ 0-1

[Event "Niedersachsen-ch op-C"]
[Site "Verden"]
[Date "2016.01.05"]
[Round "6"]
[White "Evering, Kira"]
[Black "Lossin, Charlotte"]
[Result "1-0"]
[WhiteElo "881"]
[BlackElo "1082"]
[PlyCount "119"]
[EventDate "2016.01.03"]
[EventType "swiss"]
[EventRounds "7"]
[EventCountry "GER"]
[SourceTitle "EXT 2018"]
[Source "ChessBase"]
[SourceDate "2017.10.13"]
[SourceVersion "1"]
[SourceVersionDate "2017.10.13"]
[SourceQuality "1"]

1. e4 e6 2. d4 d5 3. exd5 exd5 4. Nf3 Nf6 5. c4 c6 6. Nc3 Bb4 7. Bd2 0-0 8. a3 Ba5 9. b4 Bc7 10. Bd3 Re8+ 11. Be3 Bg4 12. h3 Bh5 13. 0-0 Ne4 14. Rc1 b6 15. g4 Bg6 16. Re1 Nxc3 17. Rxc3 Bxd3 18. Qxd3 Qf6 19. Kg2 Nd7 20. Rc2 Bf4 21. Rce2 Bxe3 22. Rxe3 Rxe3 23. Qxe3 h6 24. cxd5 cxd5 25. Qe7 Qc6 26. Ne5 Nxe5 27. Qxe5 Rd8 28. Qe7 Rd7 29. Qe8+ Kh7 30. Re7 Rc7 31. Qxc6 Rxc6 32. Rxf7 Rc4 33. Rf4 g5 34. Rf7+ Kg6 35. Rxa7 Rxd4 36. Rb7 Rd3 37. Rxb6+ Kf7 38. Rd6 Rxa3 39. Rxd5 Rb3 40. b5 Rb4 41. Kg3 Rb3+ 42. f3 Rb1 43. Kf2 Rb3 44. Rd7+ Kg6 45. Rd6+ Kg7 46. b6 Rb5 47. Rd7+ Kf6 48. b7 Rb6 49. Rd6+ Rxd6 50. b8Q Ra6 51. Qb5 Ra2+ 52. Ke3 Ra3+ 53. Ke4 Ra2 54. Qc6+ Kg7 55. Kf5 Ra5+ 56. Ke6 Ra7 57. Qc3+ Kg8 58. Kf6 Rf7+ 59. Kg6 Ra7 60. Qc8# 1-0

[Event "Niedersachsen-ch U18 Girls"]
[Site "Rotenburg"]
[Date "2013.03.26"]
[Round "5"]
[White "Schwabenland, Julia"]
[Black "Evering, Kira"]
[Result "0-1"]
[WhiteElo "758"]
[BlackElo "668"]
[PlyCount "126"]
[EventDate "2013.03.23"]
[EventType "swiss"]
[EventRounds "9"]
[EventCountry "GER"]
[SourceTitle "EXT 2015"]
[Source "ChessBase"]
[SourceDate "2014.11.20"]
[SourceVersion "1"]
[SourceVersionDate "2014.11.20"]
[SourceQuality "1"]

1. e4 e5 2. c4 Nc6 3. Nc3 Bc5 4. d3 Nf6 5. g3 d6 6. Bg2 Bg4 7. Nge2 Bd4 8. h3 Bxc3+ 9. bxc3 Be6 10. 0-0 0-0 11. Kh2 h6 12. Rh1 Qe7 13. Kg1 Qd7 14. f4 a6 15. f5 Bxf5 16. exf5 Qxf5 17. Be4 Qd7 18. Qf1 Nxe4 19. dxe4 Rfe8 20. Qf5 Qxf5 21. exf5 b5 22. cxb5 axb5 23. g4 e4 24. h4 Re5 25. Ng3 Ne7 26. g5 hxg5 27. hxg5 Nxf5 28. Nf1 e3 29. a3 e2 30. Bf4 exf1Q+ 31. Rxf1 Re4 32. Bd2 Ng3 33. Rf4 Re2 34. Rh3 Rxd2 35. Rxg3 Rd1+ 36. Kh2 Rd2+ 37. Rg2 Rxg2+ 38. Kxg2 Rxa3 39. c4 bxc4 40. Rxc4 c5 41. Re4 Ra2+ 42. Kg3 Ra3+ 43. Kh4 d5 44. Re8+ Kh7 45. Kh5 g6+ 46. Kh4 Ra4+ 47. Kg3 d4 48. Re7 Kg7 49. Kf4 d3+ 50. Ke5 d2 51. Kd6 d1Q+ 52. Kxc5 Qd4+ 53. Kc6 Rc4+ 54. Kb7 Qb2+ 55. Ka8 Ra4+ 56. Ra7 Rxa7+ 57. Kxa7 Qg2 58. Kb6 Qxg5 59. Kc7 f5 60. Kd6 f4 61. Ke6 f3 62. Kd6 f2 63. Ke6 f1Q 0-1